Statistics for 大手シネコンの所在する町村

Click here to take the quiz!

General Stats

  • This quiz has been taken 23 times
  • The average score is 14 of 23

Answer Stats

ブランド店舗名都道府県所在町村併設施設% Correct
MOVIX日吉津鳥取県西伯郡日吉津村イオンモール日吉津
90%
T・JOY広島バルト11広島県安芸郡府中町イオンモール広島府中
86%
AEON日の出東京都西多摩郡日の出町イオンモール日の出
81%
TOHO甲府山梨県中巨摩郡昭和町イオンモール甲府昭和
81%
AEON久御山京都府久世郡久御山町イオンモール久御山
81%
AEON新利府宮城県宮城郡利府町イオンモール新利府
76%
AEON福岡福岡県糟屋郡粕屋町イオンモール福岡
76%
AEON宇多津香川県綾歌郡宇多津町イオンタウン宇多津
67%
AEON東員三重県員弁郡東員町イオンモール東員
67%
109明和三重県多気郡明和町イオンモール明和
62%
SUNSHINEエミフルMASAKI愛媛県伊予郡松前町エミフルMASAKI
62%
TOHO東浦愛知県知多郡東浦町イオンモール東浦
62%
AEON三川山形県東田川郡三川町イオンモール三川
57%
TOHOおいらせ下田青森県上北郡おいらせ町イオンモール下田
57%
AEON綾川香川県綾歌郡綾川町イオンモール綾川
57%
AEON熊本熊本県上益城郡嘉島町イオンモール熊本
52%
TOHO光の森熊本県菊池郡菊陽町ゆめタウン光の森
48%
UNITED阿久比愛知県知多郡阿久比町アピタ阿久比店
48%
UNITEDウニクス上里埼玉県児玉郡上里町ウニクス上里
48%
UNITEDフォルテ宮城大河原宮城県柴田郡大河原町フォルテ
48%
SUNSHINE北島徳島県板野郡北島町フジグラン北島
43%
AEON釧路北海道釧路郡釧路町イオン釧路店
43%
UNITEDトリアス久山福岡県糟屋郡久山町トリアス
33%

Score Distribution

Percentile by Number Answered

Percent of People with Each Score

Your Score History

You have not taken this quiz